01776nam a2200301 a 450000100100000000500170001000800410002704000250006808200260009310000390011924500420015825000120020026000750021230000200028749000490030750000390035659000260039565000280042165000310044983000560048091000380053695201380057495201380071295201960085095202020104695202110124899900150145900000915520240412074210.0090928t1975 dr 001 p spa d aDO-SdBNPbspacBNPHU aRD861.42bG993s, 19751 aGuzmán Carretero, Octavio92382310aSolazo /cOctavio Guzmán Carretero. a2ª ed. aSanto Domingo :bCírculo de publicaciones del Ateneo de Moca,c1975. a90 p. ;c21 cm.1 aCírculo de publicaciones Ateneo de Mocav2 aIncluye notas al pie de páginas. aInventariado, 2018/VM 0aPoesía dominicana966 0aLiteratura dominicana.967 0aCírculo de publicaciones Ateneo de Mocan2923824 aValidado. Control de calidad EMS. 001054708DSaGRbGRcHDd2011-08-17iLF1l0oRD861.42 G993s, 1975p9155-40r2020-06-25te. 4w2020-06-25yLFDSZPréstamo en sala 001054708DSaGRbGRcHDd2011-08-17iLF1l0oRD861.42 G993s, 1975p9155-50r2020-06-25te. 5w2020-06-25yLFDSZPréstamo en sala 0010718PDaPDbPDcHDd2009-10-01iLF1l0oRD861.42 G993s, 1975p9155-10r2020-06-25w2020-06-25yLFPDzPerteneció a la biblioteca personal de Aída Cartagena Portalatín.ZNo se presta 0010718PDaPDbPDcHDd2009-10-01iLF1l0oRD861.42 G993s, 1975p9155-20r2020-06-25te. 2w2020-06-25yLFPDzPerteneció a la biblioteca personal de Aída Cartagena Portalatín.ZNo se presta 001054708DSaPDbPDcHDd2009-10-01iLF1l0oRD861.42 G993s, 1975p9155-30r2020-06-25te. 3w2020-06-25yLFDSzPerteneció a la biblioteca personal de Aída Cartagena Portalatín.ZPréstamo en sala c8919d8919